000 00620nam a2200217Ia 4500
005 20250508164115.0
008 008 250505s9999 xx 000 0 eng d
020 _a0-8264-5742-8
037 _aReference
040 _aFEDL
_beng
_cFEDL
041 _aeng
_2eng
084 _a153.35, CRA
_qFEDL
100 _aCraft Anna
_9777344
245 0 _aCreativity and early years education: A lifewide foundation
260 _aLondon, UK
_bContinuum
_c2002
300 _ax,195p
365 _aGBP
_b16.99
650 _aPsychology; Creativity
_9764911
942 _cREF
_h153.35, CRA
999 _c1387094
_d1387094